000 00362nam a2200157Ia 4500
008 100204s9999 xx 000 0 und d
082 _b28830
100 _aonsZ] nhik
245 _aप्रतिशोध
250 _a0
260 _c2008
300 _a229
630 _aप्रतिशोध
730 _aप्रतिशोध
942 _cBOOK
999 _c474006
_d474003